[Event "9th Calgary International"]
[Site "Calgary"]
[Date "2016.07.31"]
[Round "7.15"]
[White "Sklenka, Steve"]
[Black "Sasata, Alexander"]
[Result "1-0"]
[WhiteElo "1479"]
[BlackElo "1829"]
[PlyCount "53"]
[EventDate "2016.07.27"]
[EventType "swiss"]
[EventRounds "9"]
[EventCountry "CAN"]

1. d4 d5 2. c4 c6 3. Nf3 Nf6 4. Nc3 dxc4 5. a4 Bf5 6. e3 e6 7. Bxc4 Bb4 8. O-O
Nbd7 9. Bd2 O-O 10. Nh4 Rc8 11. Nxf5 exf5 12. Bd3 g6 13. Ne2 Bxd2 14. Qxd2 c5
15. Rfc1 Nd5 16. Bb5 cxd4 17. Qxd4 N7f6 18. Qxa7 Ng4 19. h3 Ne5 20. Qxb7 Rb8
21. Qa7 Qg5 22. Kh1 f4 23. exf4 Nxf4 24. Nxf4 Qxf4 25. Qe3 Qf5 26. Rc5 f6 27.
f4 1-0

[Event "9th Calgary International"]
[Site "Calgary"]
[Date "2016.07.31"]
[Round "8.1"]
[White "Troff, Kayden"]
[Black "Popilski, Gil"]
[Result "1/2-1/2"]
[WhiteElo "2543"]
[BlackElo "2542"]
[PlyCount "60"]
[EventDate "2016.07.27"]
[EventType "swiss"]
[EventRounds "9"]
[EventCountry "CAN"]

1. d4 Nf6 2. c4 e6 3. Nf3 d5 4. Nc3 Bb4 5. Bg5 Nbd7 6. cxd5 exd5 7. e3 c5 8.
dxc5 Qa5 9. Rc1 Bxc3+ 10. bxc3 Qxc5 11. Qd4 Qa3 12. Rc2 O-O 13. Bd3 b6 14. Ne5
Ba6 15. Nxd7 Nxd7 16. O-O Bxd3 17. Qxd3 Qa4 18. Rd2 Nc5 19. Qxd5 Ne4 20. Rd4
Nxc3 21. Rxa4 Nxd5 22. Rc1 Rfc8 23. Rxc8+ Rxc8 24. e4 Nc3 25. Rxa7 Nxe4 26. Be3
b5 27. a4 bxa4 28. Rxa4 Nf6 29. Rd4 h6 30. g3 Re8 1/2-1/2

[Event "9th Calgary International"]
[Site "Calgary"]
[Date "2016.07.31"]
[Round "8.4"]
[White "Mikhalevski, Victor"]
[Black "Bruzon, Lazaro"]
[Result "1-0"]
[WhiteElo "2545"]
[BlackElo "2643"]
[PlyCount "45"]
[EventDate "2016.07.27"]
[EventType "swiss"]
[EventRounds "9"]
[EventCountry "CAN"]

1. Nf3 Nf6 2. c4 e6 3. g3 d5 4. b3 Be7 5. Bg2 O-O 6. O-O c5 7. Bb2 d4 8. e3 Nc6
9. exd4 cxd4 10. Re1 Bc5 11. Ne5 Nxe5 12. Rxe5 Nd7 13. Re2 e5 14. d3 Rb8 15.
Nd2 b6 16. Qf1 Bb7 17. Bxb7 Rxb7 18. f4 exf4 19. Qxf4 Bb4 20. Nf3 Nc5 21. Qxd4
Qxd4+ 22. Bxd4 Nxd3 23. Re3 1-0

[Event "9th Calgary International"]
[Site "Calgary"]
[Date "2016.07.31"]
[Round "8.5"]
[White "Langer, Michael"]
[Black "Bodek, Michael"]
[Result "1/2-1/2"]
[WhiteElo "2245"]
[BlackElo "2408"]
[PlyCount "76"]
[EventDate "2016.07.27"]
[EventType "swiss"]
[EventRounds "9"]
[EventCountry "CAN"]

1. e4 c5 2. Nf3 d6 3. d4 cxd4 4. Nxd4 Nf6 5. Nc3 g6 6. Be3 Bg7 7. f3 O-O 8. Qd2
Nc6 9. O-O-O d5 10. Qe1 e5 11. Nxc6 bxc6 12. exd5 Nxd5 13. Bc4 Be6 14. Kb1 Rb8
15. Ne4 Qc7 16. Bc5 Rfd8 17. g4 h6 18. Bb3 a5 19. a4 Rd7 20. Ba3 Rbd8 21. Rc1
Nf4 22. Bxe6 Nxe6 23. Qh4 Rd4 24. b3 c5 25. Rhe1 c4 26. Ka2 Qb7 27. Re3 Nf4 28.
Qe7 R4d7 29. Nf6+ Bxf6 30. Qxf6 Nd5 31. Qxe5 Nxe3 32. Bb2 f6 33. Qxe3 cxb3+ 34.
cxb3 Rd3 35. Qe6+ Qf7 36. Qxf6 Qxf6 37. Bxf6 Rf8 38. Rc6 g5 1/2-1/2

[Event "9th Calgary International"]
[Site "Calgary"]
[Date "2016.07.31"]
[Round "8.6"]
[White "Shi, Diwen"]
[Black "Kazmaier, Daniel"]
[Result "1/2-1/2"]
[WhiteElo "2132"]
[BlackElo "2194"]
[PlyCount "115"]
[EventDate "2016.07.27"]
[EventType "swiss"]
[EventRounds "9"]
[EventCountry "CAN"]

1. e4 e6 2. Nf3 d5 3. exd5 exd5 4. d4 Bd6 5. Bb5+ c6 6. Bd3 Ne7 7. O-O O-O 8.
h3 Bf5 9. Re1 Bxd3 10. Qxd3 Nd7 11. Nbd2 Ng6 12. Nf1 Qb6 13. b3 a5 14. a3 a4
15. b4 Qc7 16. c4 dxc4 17. Qxc4 Nb6 18. Qc2 Nd5 19. Ne3 Rfe8 20. Bb2 Qd7 21.
Nxd5 cxd5 22. Ne5 Qb5 23. Qf5 Re7 24. Re3 f6 25. Nxg6 hxg6 26. Qc2 Rxe3 27.
fxe3 Qe8 28. Re1 Rc8 29. Qd3 f5 30. Rf1 Qe6 31. Rf2 Rc4 32. Bc3 b5 33. Rc2 Qc8
34. Kf2 Be7 35. Ke2 Qc7 36. Kd1 Qh2 37. Kc1 Qg1+ 38. Kb2 Bg5 39. Re2 Qf1 40.
Qd2 Bh4 41. Qc2 Bg3 42. Qd2 Kf7 43. Qc2 Ke6 44. Qd2 Kd7 45. Qc2 Kc6 46. Qd2 Kb7
47. Qc2 Ka6 48. Qd2 Rc6 49. Qc2 Re6 50. Be1 Bc7 51. Bg3 Bxg3 52. Qc8+ Ka7 53.
Qd7+ Ka8 54. Qxd5+ Ka7 55. Qd7+ Ka8 56. Qd8+ Bb8 57. Qd5+ Ka7 58. Qd7+ 1/2-1/2

[Event "9th Calgary International"]
[Site "Calgary"]
[Date "2016.07.31"]
[Round "8.7"]
[White "Collyer, Curt"]
[Black "Peter, Steven"]
[Result "1/2-1/2"]
[WhiteElo "2238"]
[BlackElo "2083"]
[PlyCount "62"]
[EventDate "2016.07.27"]
[EventType "swiss"]
[EventRounds "9"]
[EventCountry "CAN"]

1. d4 d5 2. c4 dxc4 3. Nf3 Nf6 4. e3 Bg4 5. Bxc4 e6 6. h3 Bh5 7. Nbd2 Nc6 8. b3
Bd6 9. Bb2 O-O 10. O-O a6 11. Be2 Qe7 12. a3 Rfd8 13. b4 Bg6 14. Rc1 Nb8 15.
Nc4 Nbd7 16. Qb3 Be4 17. Nfd2 Bd5 18. Qc2 e5 19. dxe5 Nxe5 20. Nxe5 Bxe5 21.
Bxe5 Qxe5 22. Qxc7 Qxc7 23. Rxc7 Bc6 24. Nb3 Nd5 25. Rxc6 bxc6 26. Nd4 Rd6 27.
Rc1 Ne7 28. Bf3 Kf8 29. Rc5 g6 30. Ra5 Rad8 31. g3 h5 1/2-1/2

[Event "9th Calgary International"]
[Site "Calgary"]
[Date "2016.07.31"]
[Round "8.8"]
[White "Haessel, Dale"]
[Black "Ebrahim-Shirazi, Behrooz"]
[Result "1-0"]
[WhiteElo "2187"]
[BlackElo "2050"]
[PlyCount "53"]
[EventDate "2016.07.27"]
[EventType "swiss"]
[EventRounds "9"]
[EventCountry "CAN"]

1. d4 d5 2. c4 e6 3. Nc3 Be7 4. cxd5 exd5 5. Bf4 Nf6 6. e3 c6 7. Bd3 O-O 8. Qc2
Bg4 9. Nf3 Bxf3 10. gxf3 Bd6 11. Be5 h6 12. Rg1 Bxe5 13. dxe5 Nfd7 14. f4 b5
15. O-O-O Na6 16. Rg3 Nc7 17. Rdg1 Ne8 18. f3 Qe7 19. Qg2 f5 20. Qh3 b4 21. Nd1
Nxe5 22. fxe5 Qxe5 23. Qxh6 Rc8 24. Rh3 Rc7 25. Qh7+ Kf7 26. Qxf5+ Qxf5 27.
Bxf5 1-0

[Event "9th Calgary International"]
[Site "Calgary"]
[Date "2016.07.31"]
[Round "8.9"]
[White "Findlay, Ian"]
[Black "Kavutskiy, Konstantin"]
[Result "0-1"]
[WhiteElo "2245"]
[BlackElo "2373"]
[PlyCount "52"]
[EventDate "2016.07.27"]
[EventType "swiss"]
[EventRounds "9"]
[EventCountry "CAN"]

1. e4 c5 2. Nf3 e6 3. d4 cxd4 4. Nxd4 Nc6 5. Nc3 Qc7 6. Be2 Nf6 7. O-O Be7 8.
Be3 d6 9. f4 O-O 10. Kh1 Nxd4 11. Qxd4 b6 12. Bf3 Bb7 13. a4 Rfd8 14. a5 bxa5
15. Qa4 Bc6 16. Qxa5 Qb7 17. e5 Bxf3 18. Rxf3 dxe5 19. fxe5 Ng4 20. Qb5 Qxb5
21. Nxb5 a6 22. Nc7 Rac8 23. Bb6 Nxe5 24. Rc3 Rd6 25. Rxa6 Rd1+ 26. Bg1 Bb4 0-1

[Event "9th Calgary International"]
[Site "Calgary"]
[Date "2016.07.31"]
[Round "8.10"]
[White "Sinanan, Joshua"]
[Black "Kostadinov, Georgi"]
[Result "1-0"]
[WhiteElo "2175"]
[BlackElo "2018"]
[PlyCount "67"]
[EventDate "2016.07.27"]
[EventType "swiss"]
[EventRounds "9"]
[EventCountry "CAN"]

1. d4 d5 2. c4 c6 3. Nf3 Nf6 4. Nc3 a6 5. g3 e6 6. Bg2 Bb4 7. O-O O-O 8. Qd3
Nbd7 9. a3 Bxc3 10. Qxc3 Ne4 11. Qc2 b5 12. b3 Bb7 13. c5 Qe7 14. Bb2 f5 15.
Ne1 e5 16. Nd3 exd4 17. Bxd4 a5 18. b4 Ng5 19. Nf4 Ne6 20. e3 Nc7 21. Bb2 Rae8
22. Qc3 Ne5 23. Qd4 Rf7 24. Bc3 Bc8 25. bxa5 Nc4 26. Rfb1 Bd7 27. a4 bxa4 28.
Rxa4 Nb5 29. Rxb5 cxb5 30. Bxd5 Kf8 31. Rxc4 bxc4 32. Qxc4 Rc8 33. c6 Rb8 34.
cxd7 1-0

[Event "9th Calgary International"]
[Site "Calgary"]
[Date "2016.07.31"]
[Round "8.11"]
[White "Wang, Jeff"]
[Black "Timmerman, Brian"]
[Result "1-0"]
[WhiteElo "1844"]
[BlackElo "1524"]
[PlyCount "59"]
[EventDate "2016.07.27"]
[EventType "swiss"]
[EventRounds "9"]
[EventCountry "CAN"]

1. e4 c5 2. Nf3 e6 3. d4 cxd4 4. Nxd4 Nc6 5. Nc3 Qc7 6. f4 a6 7. Nxc6 bxc6 8.
Bd3 d5 9. O-O Nf6 10. Qf3 Be7 11. Kh1 O-O 12. b3 Re8 13. Bb2 Bb7 14. Qh3 g6 15.
Rae1 a5 16. e5 Nd7 17. Nd1 c5 18. Ne3 Ba6 19. Bxa6 Rxa6 20. Ng4 h5 21. Nf6+
Nxf6 22. exf6 Bf8 23. f5 Kh7 24. Re5 d4 25. fxg6+ fxg6 26. Rxh5+ gxh5 27. Qxh5+
Bh6 28. Qxe8 Rb6 29. f7 Rb8 30. Qxe6 1-0

[Event "9th Calgary International"]
[Site "Calgary"]
[Date "2016.07.31"]
[Round "8.12"]
[White "Bates, Darren"]
[Black "Nechio, Douglas"]
[Result "0-1"]
[WhiteElo "1867"]
[BlackElo "1906"]
[PlyCount "54"]
[EventDate "2016.07.27"]
[EventType "swiss"]
[EventRounds "9"]
[EventCountry "CAN"]

1. e4 c5 2. Nf3 g6 3. d4 cxd4 4. Nxd4 Bg7 5. c3 Nc6 6. Be3 Nf6 7. Bd3 Ne5 8.
O-O Nxd3 9. Qxd3 O-O 10. h3 d5 11. e5 Ne4 12. f4 f6 13. Nd2 fxe5 14. fxe5 Nxd2
15. Rxf8+ Qxf8 16. Qxd2 Bxe5 17. Nf3 Bd6 18. Qxd5+ Qf7 19. Qd2 Bd7 20. Ng5 Qf5
21. Rf1 Qe5 22. Nf3 Qe4 23. Ng5 Qe5 24. Nf3 Qe4 25. Bh6 Bc6 26. Qf2 Qf5 27. Qd4
Bc5 0-1

[Event "9th Calgary International"]
[Site "Calgary"]
[Date "2016.07.31"]
[Round "8.13"]
[White "Dave, Bhavik"]
[Black "Sklenka, Steve"]
[Result "1-0"]
[WhiteElo "1669"]
[BlackElo "1479"]
[PlyCount "101"]
[EventDate "2016.07.27"]
[EventType "swiss"]
[EventRounds "9"]
[EventCountry "CAN"]

1. d4 d5 2. c4 c6 3. Nc3 Nf6 4. Nf3 e6 5. Bg5 h6 6. Bh4 Be7 7. e3 O-O 8. Qc2
Nbd7 9. Bd3 dxc4 10. Bxc4 b5 11. Be2 a6 12. O-O Bb7 13. Rfd1 Nd5 14. Bg3 Nb4
15. Qd2 c5 16. a3 Nc6 17. d5 exd5 18. Nxd5 Nf6 19. Nxe7+ Nxe7 20. Qc2 Qc8 21.
Bd6 Re8 22. Qxc5 Ne4 23. Qxc8 Raxc8 24. Bxe7 Rxe7 25. Rac1 Kf8 26. Nd4 Rec7 27.
Rxc7 Rxc7 28. f3 Nf6 29. Kf2 g6 30. e4 Ke7 31. Ke3 Nd7 32. Rd2 Nc5 33. Rc2 Kd7
34. b4 Ne6 35. Bd3 Rxc2 36. Bxc2 Ng7 37. Nb3 Kd6 38. Nc5 Bc8 39. Kd4 f6 40. f4
g5 41. e5+ fxe5+ 42. fxe5+ Kc6 43. Be4+ Kc7 44. Kd5 Nh5 45. g3 Ng7 46. e6 Ne8
47. Bg6 Nf6+ 48. Ke5 Ng4+ 49. Kf5 Ne3+ 50. Ke4 Nc2 51. e7 1-0

[Event "9th Calgary International"]
[Site "Calgary"]
[Date "2016.07.31"]
[Round "8.14"]
[White "Wu, Chenxi"]
[Black "Tolentino, Patrick"]
[Result "1-0"]
[WhiteElo "1757"]
[BlackElo "1876"]
[PlyCount "69"]
[EventDate "2016.07.27"]
[EventType "swiss"]
[EventRounds "9"]
[EventCountry "CAN"]

1. e4 e5 2. Nf3 Nc6 3. Bb5 a6 4. Ba4 b5 5. Bb3 Nf6 6. d3 Bc5 7. O-O h6 8. h3 d6
9. c3 Be6 10. Bc2 O-O 11. d4 Bc4 12. Re1 exd4 13. cxd4 Bb4 14. Bd2 Bxd2 15.
Qxd2 Ne7 16. d5 b4 17. Qxb4 Bb5 18. a4 Bd7 19. Nc3 Rb8 20. Qa3 Ng6 21. e5 dxe5
22. Nxe5 Nf4 23. Nxd7 Qxd7 24. Rad1 N4xd5 25. Nxd5 Nxd5 26. Qd3 g6 27. Qxd5
Qxd5 28. Rxd5 Rxb2 29. Rc5 Rd8 30. Rxc7 Rd2 31. Bxg6 Rxf2 32. Be4 Rfd2 33. Rc6
f5 34. Bf3 a5 35. Rc5 1-0

[Event "9th Calgary International"]
[Site "Calgary"]
[Date "2016.08.01"]
[Round "9.4"]
[White "Bodek, Michael"]
[Black "Haessel, Dale"]
[Result "1/2-1/2"]
[WhiteElo "2408"]
[BlackElo "2187"]
[PlyCount "108"]
[EventDate "2016.07.27"]
[EventType "swiss"]
[EventRounds "9"]
[EventCountry "CAN"]

1. e4 e5 2. Nf3 Nc6 3. Bc4 Bc5 4. c3 Nf6 5. d3 d6 6. O-O O-O 7. Bb3 a6 8. Nbd2
Be6 9. Nc4 Ba7 10. Qe2 h6 11. Ne3 Qd7 12. Nh4 d5 13. Nef5 dxe4 14. dxe4 Bxb3
15. axb3 Rfd8 16. Qf3 Qd3 17. Nxh6+ Kf8 18. Bg5 Qxe4 19. Qxe4 Nxe4 20. Bxd8
Rxd8 21. Ng4 g5 22. Nf5 Rd2 23. Rae1 Nd6 24. Nxd6 cxd6 25. Rd1 Rxb2 26. Rxd6
Rxb3 27. Rd7 Rxc3 28. Rxb7 Bd4 29. Nf6 a5 30. Nh7+ Kg8 31. Nxg5 a4 32. h4 a3
33. h5 Rg3 34. Nxf7 a2 35. h6 Ra3 36. h7+ Kxh7 37. Nxe5+ Kg8 38. Nxc6 a1=Q 39.
Rxa1 Rxa1+ 40. Kh2 Bxf2 41. g4 Ra6 42. Ne5 Ra7 43. Rb5 Kg7 44. Kg2 Be3 45. Kf3
Bd4 46. Nc6 Rf7+ 47. Kg2 Bf6 48. Kg3 Rc7 49. Rb6 Rf7 50. Ra6 Rd7 51. g5 Bxg5
52. Ne5 Re7 53. Rg6+ Kh7 54. Rxg5 Rg7 1/2-1/2

[Event "9th Calgary International"]
[Site "Calgary"]
[Date "2016.08.01"]
[Round "9.6"]
[White "Kazmaier, Daniel"]
[Black "Langer, Michael"]
[Result "1-0"]
[WhiteElo "2194"]
[BlackElo "2245"]
[PlyCount "77"]
[EventDate "2016.07.27"]
[EventType "swiss"]
[EventRounds "9"]
[EventCountry "CAN"]

1. d4 Nf6 2. Bg5 Ne4 3. Bf4 d5 4. e3 c5 5. Nf3 Nc6 6. c3 Bg4 7. h3 Bh5 8. Be2
Qb6 9. Qb3 Qxb3 10. axb3 e6 11. g4 Bg6 12. Ne5 Nxe5 13. dxe5 f6 14. Nd2 h5 15.
Bf3 Kf7 16. Bxe4 Bxe4 17. Nxe4 dxe4 18. g5 fxg5 19. Bxg5 Be7 20. Bxe7 Kxe7 21.
Ra4 Rhd8 22. Rg1 Kf7 23. Rxe4 Rd5 24. Rf4+ Kg8 25. Rf6 Rad8 26. Rg5 Rd1+ 27.
Ke2 R1d2+ 28. Kf3 Rxb2 29. Rxe6 Rxb3 30. Ke4 Rd7 31. Rf5 Rxc3 32. Re8+ Kh7 33.
e6 Rc7 34. Rd8 Re7 35. Ke5 Kg6 36. Rff8 b5 37. Rfe8 Rxe8 38. Rxe8 b4 39. Rh8
1-0

[Event "9th Calgary International"]
[Site "Calgary"]
[Date "2016.08.01"]
[Round "9.7"]
[White "Bruzon, Lazaro"]
[Black "Collyer, Curt"]
[Result "1-0"]
[WhiteElo "2643"]
[BlackElo "2238"]
[PlyCount "65"]
[EventDate "2016.07.27"]
[EventType "swiss"]
[EventRounds "9"]
[EventCountry "CAN"]

1. d4 e6 2. Nf3 f5 3. Bf4 Nf6 4. e3 b6 5. Be2 Bb7 6. O-O Be7 7. h3 Ne4 8. Nfd2
Nxd2 9. Nxd2 O-O 10. Bf3 d5 11. c4 c6 12. Rc1 Bd6 13. Re1 a5 14. a3 Qe7 15.
cxd5 exd5 16. Be2 Nd7 17. Nf3 h6 18. Bd3 g5 19. Bxd6 Qxd6 20. Qc2 Qf6 21. g3
Rae8 22. b4 Ra8 23. Kh2 Kh8 24. h4 Rf7 25. hxg5 hxg5 26. Kg2 Kg7 27. Rh1 axb4
28. Rh5 g4 29. Nh4 bxa3 30. Nxf5+ Kg8 31. Nh6+ Kg7 32. Nxf7 a2 33. Ra1 1-0

[Event "9th Calgary International"]
[Site "Calgary"]
[Date "2016.08.01"]
[Round "9.8"]
[White "Kavutskiy, Konstantin"]
[Black "Sinanan, Joshua"]
[Result "1-0"]
[WhiteElo "2175"]
[BlackElo "2373"]
[PlyCount "77"]
[EventDate "2016.07.27"]
[EventType "swiss"]
[EventRounds "9"]
[EventCountry "CAN"]

1. e4 d6 2. d4 Nf6 3. Nc3 Nbd7 4. f4 e5 5. Nf3 exd4 6. Qxd4 c6 7. Bd2 Qb6 8.
Qc4 Be7 9. O-O-O O-O 10. Ng5 d5 11. exd5 cxd5 12. Nxd5 Nxd5 13. Qxd5 Nc5 14.
Be3 Bg4 15. Re1 Rad8 16. Qc4 Bf6 17. Qb5 Qd6 18. Be2 Bxe2 19. Qxc5 Qa6 20. Ne4
Bh4 21. Ng3 Rc8 22. Qxa7 Rxc2+ 23. Kxc2 Qd3+ 24. Kc1 Rc8+ 25. Bc5 Be7 26. Rxe2
Rxc5+ 27. Qxc5 Bxc5 28. Re8+ Bf8 29. Rd1 Qc4+ 30. Kb1 g6 31. Rdd8 Qxf4 32.
Rxf8+ Kg7 33. Rg8+ Kh6 34. Rd5 f5 35. a3 Qf2 36. Ka2 Qc2 37. Nxf5+ gxf5 38. Rd4
Qf2 39. Rd3 1-0

[Event "9th Calgary International"]
[Site "Calgary"]
[Date "2016.08.01"]
[Round "9.9"]
[White "Peter, Steven"]
[Black "Wang, Jeff"]
[Result "1/2-1/2"]
[WhiteElo "2083"]
[BlackElo "1844"]
[PlyCount "71"]
[EventDate "2016.07.27"]
[EventType "swiss"]
[EventRounds "9"]
[EventCountry "CAN"]

1. e4 c5 2. Nf3 d6 3. d4 cxd4 4. Nxd4 Nf6 5. Nc3 g6 6. Be2 Bg7 7. O-O O-O 8.
Bg5 Nc6 9. Nb3 a6 10. Kh1 b5 11. a3 Bb7 12. f4 Re8 13. Bf3 Nd7 14. Rf2 Nb6 15.
e5 dxe5 16. Nc5 Qc7 17. Nxb7 Qxb7 18. fxe5 Nc4 19. Bf4 Bxe5 20. Qd5 Bxf4 21.
Qxc6 Qa7 22. Re2 Nxb2 23. Nd5 Bd6 24. Nf6+ exf6 25. Rxe8+ Rxe8 26. Qxe8+ Kg7
27. Bd5 Qc7 28. Bb3 Nc4 29. a4 Qc5 30. axb5 axb5 31. Rf1 Bc7 32. Qe2 Bb8 33.
Bxc4 bxc4 34. Qf3 Qe5 35. g3 h5 36. Kg2 1/2-1/2

[Event "9th Calgary International"]
[Site "Calgary"]
[Date "2016.08.01"]
[Round "9.11"]
[White "Nechio, Douglas"]
[Black "Wu, Chenxi"]
[Result "0-1"]
[WhiteElo "1906"]
[BlackElo "1757"]
[PlyCount "58"]
[EventDate "2016.07.27"]
[EventType "swiss"]
[EventRounds "9"]
[EventCountry "CAN"]

1. e4 c5 2. Nf3 d6 3. d4 cxd4 4. Qxd4 Nc6 5. Bb5 Bd7 6. Bxc6 bxc6 7. O-O e5 8.
Qd3 Nf6 9. c4 Be7 10. Nc3 O-O 11. b3 Qc7 12. Ba3 Be6 13. Ng5 Rad8 14. Nxe6 fxe6
15. Rfd1 d5 16. Bxe7 Qxe7 17. cxd5 exd5 18. exd5 cxd5 19. Rac1 Kh8 20. Nb5 d4
21. f3 Nd5 22. Re1 Qg5 23. Qe4 Nf4 24. g3 d3 25. Rcd1 d2 26. Re3 Ng6 27. Kf2
Qh5 28. Kg2 Qg5 29. Na3 Rd4 0-1

[Event "9th Calgary International"]
[Site "Calgary"]
[Date "2016.08.01"]
[Round "9.12"]
[White "Kostadinov, Georgi"]
[Black "Timmerman, Brian"]
[Result "1-0"]
[WhiteElo "2018"]
[BlackElo "1524"]
[PlyCount "85"]
[EventDate "2016.07.27"]
[EventType "swiss"]
[EventRounds "9"]
[EventCountry "CAN"]

1. d4 Nf6 2. Bg5 d5 3. Bxf6 exf6 4. g3 c6 5. Nf3 Bf5 6. Bg2 h6 7. O-O Bd6 8. c4
dxc4 9. Nc3 O-O 10. e4 Bg4 11. Re1 Re8 12. Qc2 Nd7 13. h3 Bh5 14. Nh4 Qc7 15.
Nf5 Bg6 16. Nxd6 Qxd6 17. Rad1 Qc7 18. f4 Rad8 19. Qf2 Nb6 20. g4 Bh7 21. Re3
Nd7 22. h4 b5 23. Rf1 Nf8 24. Ne2 Ne6 25. f5 Nxd4 26. Nxd4 Rxd4 27. g5 fxg5 28.
hxg5 hxg5 29. Rh3 Rd3 30. Rxd3 cxd3 31. Rd1 Rd8 32. Qe3 Qb6 33. Kf2 Qxe3+ 34.
Kxe3 f6 35. Bf1 g6 36. Bxd3 gxf5 37. Bc4+ bxc4 38. Rxd8+ Kg7 39. Rd7+ Kh6 40.
exf5 Bxf5 41. Rxa7 Be6 42. a4 Bd5 43. Rd7 1-0

[Event "9th Calgary International"]
[Site "Calgary"]
[Date "2016.08.01"]
[Round "9.13"]
[White "Sklenka, Steve"]
[Black "Findlay, Ian"]
[Result "0-1"]
[WhiteElo "1479"]
[BlackElo "2245"]
[PlyCount "56"]
[EventDate "2016.07.27"]
[EventType "swiss"]
[EventRounds "9"]
[EventCountry "CAN"]

1. d4 Nf6 2. c4 c5 3. d5 e6 4. Nc3 exd5 5. cxd5 d6 6. e4 g6 7. Bg5 h6 8. Bf4 a6
9. Be2 b5 10. e5 dxe5 11. Bxe5 Nbd7 12. f4 b4 13. Na4 Nxe5 14. fxe5 Nxd5 15.
Nf3 Be6 16. Rc1 Qa5 17. Kf2 Be7 18. Re1 O-O 19. Nd2 Rfd8 20. Nc4 Qc7 21. Qb3
Bg5 22. Rcd1 Ne3 23. Rxd8+ Rxd8 24. Bd3 Nxc4 25. Bxc4 Rd2+ 26. Re2 Rxe2+ 27.
Kxe2 Qxe5+ 28. Kd1 Qd4+ 0-1